Presidentes que governaram por mais tempo no Brasil - Statistics

Estatísticas Gerais
  • Esse quiz foi jogado 127 vezes
  • A pontuação média é 8 de 10
Estatísticas das Respostas
Ordem Histórica Tempo Presidente % Correto
35, 39 ~10 anos - atual. Luiz Inácio 'Lula' da Silva
100%
14, 17 18 anos, 6 meses Getúlio Vargas
97%
36 5 anos, 8 meses Dilma Rousseff
90%
34 8 anos Fernando Henrique Cardoso
84%
30 6 anos João Figueiredo
69%
28 4 anos, 4 meses Emílio Garrastazu Médici
68%
31 5 anos José Sarney
66%
29 5 anos Ernesto Geisel
64%
21 5 anos Juscelino Kubitschek
63%
16 5 anos Eurico Gaspar Dutra
55%
Nenhum quiz correspondente encontrado
Distribuição das Pontuações
Porcentagem de Pessoas com Cada Pontuação
Percentil de Números Respondidos
Sua Pontuação Histórica
Você não jogou esse quiz